000
00293nam a2200121Ia 4500
008
190216s9999||||xx |||||||||||||| ||und||
100
_a
Surendran K
245
0
_a
Thalam
260
_b
The Mathrubhumi Printing And Publishers
_c
1985
300
_a
388p
650
_a
Malayalam Novel
942
_c
BK
999
_c
26193
_d
26193